000
00379nam a2200145Ia 4500
041
_a
Persian
082
_a
305,5 cut-235 ب
100
_a
20260118u\\\\\\\\\\\y0engy0103\\\\ba
100
_a
تى.بى .باتامور
245
0
_a
نخبگان وجامعە
250
_a
ط1
260
_b
کتابخانە ملى ایران
_a
تاران
_c
1381
300
_a
232
942
_c
Bk
999
_c
188418
_d
188418